Moldawien-Quiz - Statistiken

Allgemein
  • Dieses Quiz wurde 1.332 mal gespielt
  • Das Durchschnittsergebnis liegt bei 10 aus 17
Antwortstatistiken
Frage Antwort % Korrekt
Nachbarland Ukraine
97%
Nachbarland Rumänien
96%
Alternativer Name Moldawiens Republik {Moldau}
94%
Hauptstadt Chișinău
89%
Moldawien befindet sich ungefähr 50 km von diesem Meer entfernt Schwarzes Meer
86%
Ehemaliges Land, von dem Moldawien 1991 unabhängig wurde Sowjetunion
83%
Moldawien ist das ____ Land in Europa Ärmste
78%
93% der Bevölkerung gehören dieser christlichen Glaubensrichtung an Orthodoxe Kirche
71%
Amtssprache Rumänisch (Moldauisch)
70%
De-facto unabhängige Republik, die sich in einem schmallen Landstreifen östlich dieses Flusses befindet Transnistrien
57%
In Moldawien wurde dieses Getränk seit mehrere tausend Jahren hergestellt; heute ist das Land davon der achtgrößte pro Kopf Produzenten weltweit Wein
54%
Hauptort der obigen Republik und zweitgrößte Stadt Moldawiens Tiraspol
36%
Historische Region, die ein Großteil des moldawischen Gebiets bedeckte {Bess}arabien
32%
Währung Leu
29%
Eurodance-Gruppe, die 2003 den Hit "Dragosta Din Tei" sang O-Zone
27%
1627 ausgestorbene Rinderart, die das Nationaltier Moldawiens ist Auerochse
24%
Fluss, der entlang und nahe der Ostgrenze fliesst Dnister
18%
Keine übereinstimmenden Quizze gefunden
Verteilung der Resultate
Anzahl Personen mit jedem Resultat
Perzentil nach korrekt beantworteten Fragen
Ihre Resultats-Entwicklung
Sie haben dieses Quiz noch nicht gespielt